000 00812nam a2200253Ia 4500
003 OSt
005 20220927105138.0
006 a|||||r|||| 00| 0
007 ta
008 220926b |||||||| |||| 00| 0 eng d
024 _a184361
037 _cReference Collections
040 _aRTL
_cRTL
_beng
041 _2eng
_aeng
082 _a"X71:8F.2.N88<N87r, M8/GD"
110 _a"INDIA,ENERGY (Ministry of-)"
_9370440
245 0 _aPublic accounts committee 1987-88
_b Hundred and thirty-fifth report.
260 _aNew
_bDelhi Lok Sabha secretariat
_c1988
300 _a"v,29p."
_ccm.
500 _aAppendix : 26-29p.
700 _a"INDIA,ENERGY (Ministry of-)"
_9370441
942 _h"X71:8F.2.N88<N87r, M8/GD"
_cCC
999 _c690854
_d690854